000 00360pab a2200145 454500
008 180718b1990 xxu||||| |||| 00| 0 eng d
100 _aMantry, R.B.
245 _aIncome - tax Act - rationalisation of some provisions
260 _c1990
300 _a925-6
362 _aJun.
650 _aIncome Tax Act
773 _aChartered Accountant
909 _a10809
999 _c10809
_d10809